| 000 | 00953nam a22002892 4500 | ||
|---|---|---|---|
| 001 | 19292 | ||
| 003 | BD-RjUL | ||
| 005 | 20211209000418.0 | ||
| 008 | 140223s1968 njua b 001 0 eng | ||
| 035 | _a(BD-RjUL)19350 | ||
| 040 |
_aDLC _cDLC _dUKM _dEQO _dBD-RjUL _beng |
||
| 041 | _aeng | ||
| 082 |
_a537.5 _bZIS 1968 |
||
| 100 | 1 |
_aVan der Ziel, Aldert, _d1910- _928255 |
|
| 245 | 1 | 0 | _aSolid state physical electronics / |
| 250 | _a2d ed. | ||
| 260 |
_aEnglewood Cliffs, N.J. : _bPrentice-Hall, _cc1968 [Reprint 1971] |
||
| 300 |
_axv, 633 p. : _bill . ; _c24 cm. |
||
| 490 | 1 | _aSolid state physical electronics series | |
| 490 | 1 | _aPrentice-Hall electrical engineering series | |
| 504 | _aIncludes bibliographies and index. | ||
| 650 | 0 |
_aElectronics. _959336 |
|
| 830 | 0 |
_aSolid state physical electronics series _9159642 |
|
| 830 | 0 |
_aPrentice-Hall electrical engineering series _9159643 |
|
| 942 |
_2ddc _cBK |
||
| 999 |
_c19292 _d19292 |
||